Desarrollo capitalista, ocupación del espacio agrícola y migraciones regionales

Сохранить в:
Библиографические подробности
Главный автор: Opazo Bernales, Andrés
Формат: Текст
Опубликовано: San José: CSUCA
Метки: Добавить метку
Нет меток, Требуется 1-ая метка записи!

MARC

LEADER 00000 a a2200000 04500
001 20350
003
040
090 |a 084700  
100 |a Opazo Bernales, Andrés  
245 |a Desarrollo capitalista, ocupación del espacio agrícola y migraciones regionales  
260 |a San José:   |b CSUCA  
300 |a 80 p.  
999 |c 12706  |d 12706